000 00248nam a2200109Ia 4500
008 220204s9999 xx 000 0 und d
082 _a82-3
_bNEW
100 _aNewton, Bez
245 4 _aThe Islander
260 _aLondon
_bGranada
_c1978
942 _cBK
999 _c32269
_d32269